Land vs. Land #151 - Statistiken

Allgemein
  • Dieses Quiz wurde 14 mal gespielt
  • Das Durchschnittsergebnis liegt bei 10 aus 14
Antwortstatistiken
Frage Antwort % Korrekt
...Fläche? Norwegen🇳🇴
100%
...Einwohner? Norwegen🇳🇴
100%
...Militär? Norwegen🇳🇴
92%
...Frieden Island🇮🇸
85%
...Bruttoinlandsprodukt? Norwegen🇳🇴
85%
...Exportmengen? Norwegen🇳🇴
85%
...Gewinner? Norwegen🇳🇴
77%
...Tourismus? Norwegen🇳🇴
69%
...Lebenserwartung? Norwegen🇳🇴
62%
...Bruttoinlandsprodukt pro Kopf? Norwegen🇳🇴
54%
...Happy Planet Index? Norwegen🇳🇴
54%
...HDI (Human Development Index)? Island🇮🇸
46%
...Gesundheitswesen? Island🇮🇸
38%
...durchschnittlicher IQ? Island🇮🇸
31%
Keine übereinstimmenden Quizze gefunden
Verteilung der Resultate
Anzahl Personen mit jedem Resultat
Perzentil nach korrekt beantworteten Fragen
Ihre Resultats-Entwicklung
Sie haben dieses Quiz noch nicht gespielt